Las Ciencias Sociales en el Jardín de Infantes: Unidades didácticas y proyectos

Guardat en:
Dades bibliogràfiques
Autor principal: Goris, Beatriz (Autor)
Format: Llibre
Idioma:espanyol
Publicat: Rosario Homo Sapiens 2006
Edició:1a. ed
Matèries:
Etiquetes: Afegir etiqueta
Sense etiquetes, Sigues el primer a etiquetar aquest registre!

MARC

LEADER 00000nam a2200000 a 4500
001 UCH2640
003 CL-VaPUC
008 090618e20060600AG |||||||||||||||||spa|d
020 |a 950808491X 
082 0 4 |a 372.21  |b GOR  |2 21 
100 0 |a Goris, Beatriz  |e author  |9 537609 
245 1 4 |a Las Ciencias Sociales en el Jardín de Infantes: Unidades didácticas y proyectos 
250 |a 1a. ed 
300 |a 188 p 
942 |c BK 
945 |d 20090618 00:00:00  |a dcastane 
260 |a Rosario  |b Homo Sapiens  |c 2006 
650 0 |a Enseñanza de las ciencias sociales  |9 337823 
650 0 |a Jardines infantiles  |9 307427 
650 0 |a Métodos de enseñanza  |9 270413 
583 |a last modification  |c 20170822 12:15:03  |k Rodrigo Vera 
999 |c 334362  |d 334360 
952 |0 0  |1 0  |4 0  |6 372_210000000000000_GOR_2006  |7 0  |8 A  |9 423340  |a BIBEDU  |b BIBEDU  |d 2019-11-22  |i 4563492  |o 372.21 GOR 2006  |p 4563492  |r 2019-11-22  |w 2019-11-22  |y BK  |k PAR